Introduction to the calculus / (Record no. 180344)
[ view plain ]
| 000 -LEADER | |
|---|---|
| fixed length control field | 00572 a2200181 4500 |
| 003 - CONTROL NUMBER IDENTIFIER | |
| control field | NUST |
| 005 - DATE AND TIME OF LATEST TRANSACTION | |
| control field | 20221117124027.0 |
| 010 ## - LIBRARY OF CONGRESS CONTROL NUMBER | |
| LC control number | 74129477 |
| 040 ## - CATALOGING SOURCE | |
| Transcribing agency | Nust |
| 082 ## - DEWEY DECIMAL CLASSIFICATION NUMBER | |
| Classification number | 515,HER |
| 100 ## - MAIN ENTRY--PERSONAL NAME | |
| Personal name | Herstein, I. N. |
| 9 (RLIN) | 39138 |
| 245 ## - TITLE STATEMENT | |
| Title | Introduction to the calculus / |
| Statement of responsibility, etc. | I. N. Herstein and Reuben Sandler |
| 260 ## - PUBLICATION, DISTRIBUTION, ETC. | |
| Place of publication, distribution, etc. | London |
| Name of publisher, distributor, etc. | Harper |
| Date of publication, distribution, etc. | 1971 |
| 300 ## - PHYSICAL DESCRIPTION | |
| Extent | 309 p.: |
| 505 ## - FORMATTED CONTENTS NOTE | |
| Formatted contents note | Diffrerential calculus (Page-1), The integral calculus (Page-92), Special functions (Page-170), Infinite series (Page-227), Limits (Page-277). |
| 650 ## - SUBJECT ADDED ENTRY--TOPICAL TERM | |
| Topical term or geographic name entry element | Calculus |
| 942 ## - ADDED ENTRY ELEMENTS (KOHA) | |
| Source of classification or shelving scheme | |
| Koha item type | Book |
| Call number prefix | 515,HER |
| Withdrawn status | Lost status | Source of classification or shelving scheme | Damaged status | Not for loan | Permanent Location | Current Location | Shelving location | Date acquired | Full call number | Barcode | Date last seen | Price effective from | Koha item type | Public note |
|---|---|---|---|---|---|---|---|---|---|---|---|---|---|---|
| Military College of Signals (MCS) | Military College of Signals (MCS) | General Stacks | 12/12/2016 | 515,HER | MCS7446 | 12/08/2016 | 12/12/2016 | Book | Almirah No.13, Shelf No.1 |
